Imágenes para el entrenamiento fonético
I tiakina i:
| Kaituhi matua: | |
|---|---|
| Hōputu: | Pukapuka |
| Reo: | Pāniora |
| I whakaputaina: |
Madrid
Ciencias de la Educación Preescolar y Especial
1980
|
| Rangatū: | Colección cuadernos de recuperación
|
| Ngā marau: | |
| Ngā Tūtohu: |
Tāpirihia he Tūtohu
Kāore He Tūtohu, Me noho koe te mea tuatahi ki te tūtohu i tēnei pūkete!
|
MARC
| LEADER | 00000nam a2200000 a 4500 | ||
|---|---|---|---|
| 001 | UCY8868 | ||
| 003 | CL-VaPUC | ||
| 008 | 950707e19800000SP |||||||||||||||||spa|d | ||
| 082 | 0 | 4 | |a 372.622 |b BUS |2 21 |
| 100 | 0 | |a Bustos Sánchez, Inés |e author |9 340602 | |
| 245 | 1 | 0 | |a Imágenes para el entrenamiento fonético |
| 300 | |a 57 h | ||
| 942 | |c BK | ||
| 945 | |d 19950707 00:00:00 |a mfernand | ||
| 260 | |a Madrid |b Ciencias de la Educación Preescolar y Especial |c 1980 | ||
| 650 | 0 | |a Fonética |9 308371 | |
| 650 | 0 | |a Fonación |9 335779 | |
| 650 | 7 | |a HABLA |2 CL-VaPUC |9 311668 | |
| 650 | 7 | |a TRASTORNOS DEL HABLA |2 CL-VaPUC |9 309440 | |
| 650 | 0 | |a Ejercicios |9 269807 | |
| 583 | |a last modification |c 19950707 00:00:00 |k Rodrigo Vera | ||
| 490 | 0 | |a Colección cuadernos de recuperación | |
| 999 | |c 236049 |d 236047 | ||
| 952 | |0 0 |1 0 |4 0 |6 372_622000000000000_BUS_1980 |7 0 |8 A |9 243866 |a BIBEDU |b BIBEDU |d 2019-11-18 |i 1528904 |o 372.622 BUS 1980 |p 1528904 |r 2019-11-18 |w 2019-11-18 |y BK |k EDU | ||